1473 1591 1537 1315 1746 1060 1654 1923 1578 1159 1558 1049 1358 1039 1737 1631 1454 1946 1217 1817 1118 1302 1421 1888 1403 1925 1497 1276 1875 1573 1834 1821 1426 1278 1027 1607 1972 1917 1134 1390 1852 1498 1289 1204 1090 1776 1981 1211 1362 1048 1585 1535 1565 1949 1256 1236 1654 1456 1508 1107 1437 1522 1479 1823 1223 1231 1527 1364 1217 1791 1651 1582 1761 1247 1699 1868 1237 1552 1123 1557 1245 1155 1554 1864 1833 1246 1681 1789 1867 1712 1391 1701 1970 1344 1627 1440 1690 1645 1115 BCNSPRNW ULIB Ver.6.0+V

เปลี่ยนเป็นภาษาไทย

Change to English
 แสดงรายละเอียดบรรณานุกรม
  กลับหน้าหลัก

Brief Record : Get Marc (ISO 2709) : E-mail record : QR code < ปิดหน้าต่าง
LEADER : 00000nam 2200000uu 4500
001    13399114240
003     ULIB
008    110628s||||||||th 000 0 tha d
020    9789740206019
050  4 BQ4190^bพ831ธ
100 0  พุทธทาสภิกขุ
245 10 ธรรมะคู่ชีวิต กฎบัตรพุทธบริษัท/^cพุทธทาสภิกขุ
250    พิมพ์ครั้งที่ 1
260    กรุงเทพฯ :^bมติชน,^c2553
300    229 หน้า
650  7 พุทธศาสนา
650  7 พุทธศาสนิกชน
710 1  มติชน
945    ^p200^l0^i031111
995    ทศพร
999 ^a ใช้งานได้ทุกระบบ
รายการนี้ยังไม่มีแท็ก
คุณยังไม่ได้ล็อกอิน คุณสามารถมีกิจกรรมร่วมกับเว็บไซต์ได้ แต่ต้องล็อกอินก่อน ::
  ล็อกอิน

รายการสื่อสารสนเทศ

ลำดับที่ ประเภท เลขเรียก/บาร์โค้ด สถานที่ สถานะ
- ไม่พบข้อมูล -

รายการใกล้เคียง
    ผู้แต่ง [พุทธทาสภิกขุ]

    หัวเรื่อง [พุทธศาสนา]
    หัวเรื่อง [พุทธศาสนิกชน]

BibComment


ยังไม่เคยถูกคอมเมนท์

คอมเมนท์ทรัพยากรรายการนี้
  คอมเมนท์: ธรรมะคู่ชีวิต กฎบ..


 Copyright 2026. Bcnsprnw @Library